Vista normal Vista MARC

Entrada Topical Term

Número de registros utilizados en: 1

001 - CONTROL NUMBER

  • control field: 13981

003 - CONTROL NUMBER IDENTIFIER

  • control field: OSt

005 - DATE AND TIME OF LATEST TRANSACTION

  • control field: 20210225163434.0

008 - FIXED-LENGTH DATA ELEMENTS

  • fixed length control field: 210225|| aca||aabn | a|a d

040 ## - CATALOGING SOURCE

  • Original cataloging agency: OSt
  • Transcribing agency: OSt

150 ## - HEADING--TOPICAL TERM

  • Topical term or geographic name entry element: Pollitos
  • Form subdivision: cuentos infantiles

670 ## - SOURCE DATA FOUND

  • Source citation: Work cat.: (OSt): Jolibois, Christian, autor 13978, Un gallinero en las estrellas / , 2007